[Event "Pavlodar Open 2013"]
[Site "Pavlodar KAZ"]
[Date "2013.12.17"]
[Round "8.45"]
[White "Kotsur,Kirill"]
[Black "Safronova,Tatyana"]
[Result "0-1"]
[WhiteElo "1733"]
[BlackElo "1562"]

1.d4 Nf6 2.c4 e6 3.g3 d5 4.Bg2 Be7 5.Nf3 O-O 6.O-O c6 7.b3 Nbd7 8.Ba3 Re8
9.Bxe7 Qxe7 10.e3 Ne4 11.Nbd2 Ndf6 12.Qc2 Bd7 13.Ne5 Nxd2 14.Qxd2 Ne4 15.Qd3 f5
16.Rfc1 Rad8 17.c5 a5 18.a4 Ra8 19.Rab1 Reb8 20.b4 axb4 21.Rxb4 Be8 22.Ra1 Qc7
23.Rb6 Nxc5 24.dxc5 Qxe5 25.Ra2 Qc7 26.a5 Bd7 27.Qc3 Bc8 28.Bf1 Ra7 29.Rab2 Rba8
30.Ra2 Kf8 31.Be2 Kg8 32.Qb4 h6 33.Qa4  0-1

[Event "WYCC U16 Girls 2013"]
[Site "Al-Ain UAE"]
[Date "2013.12.18"]
[Round "1.37"]
[White "Xiang,Ellen"]
[Black "Messaoui,Amira"]
[Result "1-0"]
[WhiteElo "1954"]
[BlackElo "1605"]

1.d4 d5 2.c4 e6 3.Nf3 Be7 4.g3 Nf6 5.Bg2 Nc6 6.O-O O-O 7.Nbd2 h6 8.Qc2 Nb4
9.Qb1 c5 10.dxc5 Bxc5 11.a3 Nc6 12.b4 Bd4 13.Nxd4 Nxd4 14.Qd3 Nc6 15.Rd1 dxc4
16.Qxc4 Qb6 17.Bb2 Ne8 18.Nb3 Ne7 19.Rac1 Nd6 20.Qc7 Qxc7 21.Rxc7 Nef5 22.g4 Ne8
23.Rc5 Ne7 24.Na5 b6 25.Bxa8 bxc5 26.bxc5 Nc7 27.Be4 f5 28.Bf3 Rf6 29.Bxf6 gxf6
30.Nc6 Ned5 31.gxf5  1-0

[Event "Al-Ain Classic Open A 2013"]
[Site "Al-Ain UAE"]
[Date "2013.12.22"]
[Round "4.44"]
[White "Enkhtuul,A"]
[Black "Kurbanov,C"]
[Result "0-1"]
[WhiteElo "2249"]
[BlackElo "2104"]

1.Nf3 Nf6 2.d4 d5 3.c4 e6 4.g3 Be7 5.Bg2 O-O 6.O-O c6 7.Nbd2 Nbd7 8.Re1 Re8
9.e4 dxe4 10.Nxe4 Nxe4 11.Rxe4 Bf6  0-1

[Event "22nd Donau Open 2013"]
[Site "Aschach AUT"]
[Date "2013.12.28"]
[Round "4.6"]
[White "Schreiner,Pe"]
[Black "Cherednichenko,E"]
[Result "1-0"]
[WhiteElo "2471"]
[BlackElo "2171"]

1.d4 d5 2.c4 e6 3.Nf3 Be7 4.g3 Nf6 5.Bg2 O-O 6.O-O Nbd7 7.Qc2 c6 8.Nbd2 b6
9.e4 dxe4 10.Nxe4 Bb7 11.Nxf6+ Nxf6 12.Rd1 Qc7 13.Bf4 Qc8 14.c5 Nd5 15.Bg5 Qc7
16.Bxe7 Qxe7 17.Rac1 b5 18.a4 a6 19.Ne5 Qc7 20.Ra1 Rfe8 21.h4 Rad8 22.Qe2 Bc8
23.Qe1 Bb7 24.Ra3 Rf8 25.Bh3 Rfe8 26.b4 Rb8 27.Bg2 Rbd8 28.Rda1 Ne7 29.axb5 axb5
30.Qc3 Nf5 31.Nf3 h6 32.Bh3 Ne7 33.Ne5 Nd5 34.Qb2 Ra8 35.Bg2 Rxa3 36.Rxa3 Ra8
37.Rxa8+ Bxa8 38.Qa3 Bb7 39.Bxd5 exd5 40.Qa7 Qc8 41.h5 Qc7 42.Qb6 Qc8 43.Kg2 Kf8
44.Nd3 Ke7 45.Nc1 Kf6 46.Nd3 Ke7 47.Nf4 Ke8 48.Qa5 Kf8 49.Qa1 Qf5 50.Qe1 Bc8
51.Qe5 Qxe5 52.dxe5 Ke7 53.Kf3 Bf5 54.Ne2 Bd7 55.Nd4 Ke8 56.g4 Ke7 57.Kg3 Ke8
58.f4 Ke7 59.g5 Kf8 60.Kh4 Ke7 61.f5 Kf8 62.f6 Kg8 63.g6 Kf8 64.Kg3 Kg8 65.Kf4 Kf8
66.fxg7+ Kxg7 67.gxf7 Kxf7 68.e6+ Bxe6 69.Nxc6 Kf6 70.Nd4 Bf7 71.Nxb5 Bxh5
72.Nd4 Ke7 73.b5 Kd7 74.b6 Bf7 75.Ke5 h5 76.c6+ Kc8 77.Nb5 d4 78.Nd6+ Kd8
79.Nxf7+  1-0

[Event "51st Groningen Open A 2013"]
[Site "Groningen NED"]
[Date "2013.12.29"]
[Round "8.15"]
[White "Donchenko,Alexa"]
[Black "Mostertman,M"]
[Result "1-0"]
[WhiteElo "2455"]
[BlackElo "2304"]

1.c4 Nf6 2.g3 e6 3.Bg2 d5 4.d4 Be7 5.Nf3 O-O 6.O-O dxc4 7.Qc2 a6 8.Qxc4 b5
9.Qc2 Bb7 10.Bd2 Be4 11.Qc1 Bb7 12.Bf4 Bd6 13.Nbd2 Bxf4 14.gxf4 Qd6 15.Nb3 Bd5
16.Ne5 Nbd7 17.Rd1 Rac8 18.Nc6 Bxg2 19.Kxg2 Kh8 20.Nba5 Rg8 21.Ne5 Nxe5 22.fxe5 Qd5+
23.f3 c5 24.exf6 cxd4 25.Qd2 gxf6+ 26.Kh1 Rcd8 27.Qf4 Rg6 28.Nb3 e5 29.Qf5 Kg7
30.Rac1 a5 31.Rc5 Qd6 32.Rxb5 a4 33.Nd2 Qc6 34.Qd3  1-0

[Event "PanAm Intercollegiate 2013"]
[Site "Lubbock USA"]
[Date "2013.12.30"]
[Round "6.1"]
[White "Le Quang Liem"]
[Black "Kovalyov,A"]
[Result "1/2-1/2"]
[WhiteElo "2703"]
[BlackElo "2617"]

1.Nf3 Nf6 2.c4 e6 3.g3 d5 4.Bg2 Be7 5.d4 O-O 6.Nbd2 b6 7.O-O c6 8.Qc2 Bb7
9.e4 Na6 10.a3 dxc4 11.Nxc4 b5 12.Ne3 c5 13.d5 exd5 14.exd5 Nxd5 15.Nf5 c4
16.Rd1 Re8 17.Bf4 Nc5 18.Ne5 Rc8 19.Nxf7 Qd7 20.Ne5 Qe6 21.Rxd5 Bxd5 22.Nd4 Qd6
23.Nxb5 Qe6 24.Nd4 Qd6 25.Nf5 Qe6 26.Bh3 Qa6 27.Nxe7+ Rxe7 28.Bxc8 Qxc8 29.Rd1 Qe6
30.f3 Re8 31.h4 Nd7 32.Nxd7 Bxf3 33.Ne5 Bxd1 34.Qxd1 h6 35.Nf3 Qb6+ 36.Qd4 Re1+
37.Kf2 Qxd4+ 38.Nxd4 Rb1 39.Bd2 Rxb2 40.Ke3 Kf7 41.a4 a6 42.Bc3 Rg2 43.Kf3 Ra2
44.a5 g6 45.Ke4 Rg2 46.Kf3 Ra2 47.Ke3 Rg2 48.Be1 Ra2 49.Nc6 Ke6 50.Bc3 Rg2
51.Kf4 Rf2+ 52.Ke4 Rg2 53.Nd4+ Kd7 54.Be1 Kd6 55.Bb4+ Kd7 56.Kf3 Ra2 57.Kf4 Rf2+
58.Ke3 Ra2 59.Ne2 Ke6 60.Nf4+ Kf5 61.Kf3 h5 62.Ng2 Ra4 63.Ne3+ Ke6 64.Be1 Ra3
65.Bb4 Rb3 66.Be1 Ke5 67.Ke2 Rb2+ 68.Kd1 Rb1+ 69.Ke2 Rb2+ 70.Kd1 Rb1+ 71.Ke2 Rb2+
72.Kd1 Rb1+  1/2-1/2

[Event "26th Staufer-Open A 2014"]
[Site "Schwaebisch Gmuend GER"]
[Date "2014.01.02"]
[Round "2.26"]
[White "Farmani Anosheh,A"]
[Black "Fuss,K"]
[Result "1-0"]
[WhiteElo "2230"]
[BlackElo "2074"]

1.d4 d5 2.c4 e6 3.Nf3 Nf6 4.g3 Be7 5.Bg2 O-O 6.O-O Nbd7 7.Nc3 dxc4 8.e4 c5
9.e5 Nd5 10.Qe2 cxd4 11.Nxd5 exd5 12.Nxd4 Nc5 13.b3 Nd3 14.Rb1 Bc5 15.Nc2 Re8
16.bxc4 dxc4 17.Bf4 Nxf4 18.gxf4 Qd3 19.Qxd3 cxd3 20.Ne3 Rb8 21.Be4 Rd8 22.Rfd1 Be6
23.a4 d2 24.f5 Ba2 25.Rb2 Rd4 26.Bxb7 Rxa4 27.Rdxd2 Bxe3 28.fxe3 Rg4+ 29.Bg2 Re8
30.Rxa2 h5 31.Ra5 h4 32.Kf2 h3 33.Bxh3 Rh4 34.Kg3 Re4 35.Kf3 R8xe5 36.Rxe5 Rxe5
37.Rd8+ Kh7 38.Rd7 a5 39.Rxf7  1-0

[Event "TCh-NED Meesterklasse 2013-14"]
[Site "Netherland NED"]
[Date "2014.01.04"]
[Round "4.9"]
[White "Tereick,B"]
[Black "Van der Werf,M"]
[Result "1-0"]
[WhiteElo "2419"]
[BlackElo "2419"]

1.c4 e6 2.g3 d5 3.Bg2 Nf6 4.Nf3 Be7 5.d4 O-O 6.Qc2 c5 7.dxc5 Qa5+ 8.Nbd2 Qxc5
9.a3 a5 10.b4 Qc7 11.b5 Bd7 12.a4 e5 13.Bb2 d4 14.O-O Bg4 15.e3 dxe3 16.Bxe5 exf2+
17.Rxf2 Qb6 18.Bd4 Bc5 19.Nb3 Nbd7 20.Nxc5 Bxf3 21.Nb3  1-0